Score 0/34 Timer 04:00
4 Plays Today
Clue 5-Letter Word % Correct
Use your headTHINK
85.3%
''Sugar is sweet and _____ you''SO ARE
78.8%
UnseasonedBLAND
78.5%
Like some skinTHICKer
73.7%
It comes from the heartBLOOD
71.6%
Rises to great heightsSOARS
71.4%
Needs for guitarists and minersPICKS
71.1%
Halloween option?TRICK
69%
What one might do to lucky stars(THAN)K
68%
BLANK
64.4%
Salmon and coral?PINKS
64%
Finger puncturePRICK
64%
The edge of disaster?BRINK
63.9%
Light-headed?BLOND
62.9%
Longs for some evergreens?PINES
62%
Like Peter, the pickled pepper pickerPIPER
60.5%
WaterlogsSOAKS
59%
Clue 5-Letter Word % Correct
What incredible singers have?PIPES
57.9%
Pitted scarsPOCKS
57.3%
Flip one's lid?BLINK
54.8%
Like some walksBR(IS)K
54.4%
Butcher's offering?SHANK
53.5%
Bichon _____FRISE
52.1%
They may be rocked?SOCKS
51.3%
Staples staple?PAPER
50.9%
Search for arms?FRISK
47.1%
Tag line?PRICE
46%
Use a leverPRISE
40.8%
Like some tiresSPARE
37.4%
ShenaniganCAPER
32.7%
A well-managed resource?WATER
29.2%
Birth of a notion?SPARK
24.7%
Seat-of-the-pants decision?SPANK
22.8%
Do the dishes?CATER
20.4%

Today's Daily Dose

Remove Ads.
Support Sporcle.
Get the best of Sporcle when you Go Orange. This ad-free experience offers more features, more stats, and more fun while also helping to support Sporcle. Thank you for becoming a member.

You're not logged in!

Compare scores with friends on all Sporcle quizzes.
OR
Log In

Show Comments

Extras

Top Quizzes Today


Score Distribution

Your Account Isn't Verified!

In order to create a playlist on Sporcle, you need to verify the email address you used during registration. Go to your Sporcle Settings to finish the process.

Report this User

Report this user for behavior that violates our Community Guidelines.

Details: